KOHA-Header-6

Applying UML And Patterns (Record no. 6507)

000 -LEADER
fixed length control field 00248nam a2200109Ia 4500
020 ## - INTERNATIONAL STANDARD BOOK NUMBER
ISBN 978-0131489066
100 ## - MAIN ENTRY--AUTHOR NAME
Personal name Craig Larman
245 #0 - TITLE STATEMENT
Title Applying UML And Patterns
260 ## - PUBLICATION, DISTRIBUTION, ETC. (IMPRINT)
Place of publication New York
Name of publisher Prentice Hall Inc.
Year of publication 2002
300 ## - PHYSICAL DESCRIPTION
Number of Pages 627
942 ## - ADDED ENTRY ELEMENTS (KOHA)
Koha item type Books
Holdings
Withdrawn status Lost status Collection code Permanent Location Current Location Shelving location Date acquired Full call number Accession Number Koha item type
    Computer Languages MAJU MAJU Shelf No.A18 2019-09-07 5.1309 1881 Computer Languages

Powered by Koha